Study on gastro-intestinal parasites in chicken at kampot province; សិក្សាវត្តមានបរាសិតនៅក្នុងក្រពះពោះវៀនមាន់ក្នុងស្រុកកំពង់ត្រាច ខេត្តកំពត (Record no. 9297)

000 -LEADER
fixed length control field 00653nam a22001337a 4500
040 ## - CATALOGING SOURCE
Transcribing agency RUA
082 ## - DEWEY DECIMAL CLASSIFICATION NUMBER
Classification number VEM HEA 2015 B509 Or.
100 ## - MAIN ENTRY--AUTHOR NAME
Personal name HEANG CHENG; ហ៊ាង ឆេង
245 ## - TITLE STATEMENT
Title Study on gastro-intestinal parasites in chicken at kampot province; សិក្សាវត្តមានបរាសិតនៅក្នុងក្រពះពោះវៀនមាន់ក្នុងស្រុកកំពង់ត្រាច ខេត្តកំពត
260 ## - PUBLICATION, DISTRIBUTION, ETC. (IMPRINT)
Place of publication RUA
Name of publisher Phnom Penh
Year of publication 2015
300 ## - PHYSICAL DESCRIPTION
Number of Pages x; 37p.
Other physical details ill.
Dimensions 29cm.
856 ## - ELECTRONIC LOCATION AND ACCESS
Uniform Resource Identifier https://drive.google.com/file/d/1eq2eEKUBWz6xpJy5IbqpGRaKZ8rYOfkR/view?usp=sharing
942 ## - ADDED ENTRY ELEMENTS (KOHA)
Koha item type VEM
952 ## - LOCATION AND ITEM INFORMATION (KOHA)
Withdrawn status [LOCAL, KOHA] 0
952 ## - LOCATION AND ITEM INFORMATION (KOHA)
Withdrawn status [LOCAL, KOHA] 0
952 ## - LOCATION AND ITEM INFORMATION (KOHA)
Withdrawn status [LOCAL, KOHA] 0
952 ## - LOCATION AND ITEM INFORMATION (KOHA)
Withdrawn status [LOCAL, KOHA] 0
952 ## - LOCATION AND ITEM INFORMATION (KOHA)
Withdrawn status [LOCAL, KOHA] 0
952 ## - LOCATION AND ITEM INFORMATION (KOHA)
Withdrawn status [LOCAL, KOHA] 0
952 ## - LOCATION AND ITEM INFORMATION (KOHA)
Withdrawn status [LOCAL, KOHA] 0
952 ## - LOCATION AND ITEM INFORMATION (KOHA)
Withdrawn status [LOCAL, KOHA] 0
952 ## - LOCATION AND ITEM INFORMATION (KOHA)
Withdrawn status [LOCAL, KOHA] 0
952 ## - LOCATION AND ITEM INFORMATION (KOHA)
Withdrawn status [LOCAL, KOHA] 0
952 ## - LOCATION AND ITEM INFORMATION (KOHA)
Withdrawn status [LOCAL, KOHA] 0
Holdings
Permanent Location Date acquired Koha item type Lost status Barcode Shelving location Current Location Full call number
Library Block B2016-08-30VEM RUA061000 Library Block BVEM HEA 2015 B509 Or.1
Library Block B2016-08-30VEM RUA061095 Library Block BVEM HEA 2015 B509 Or.2
Library Block B2016-08-30VEM RUA060833 Library Block BVEM HEA 2015 B509 Or.3
Library Block B2016-08-30VEM RUA060893 Library Block BVEM HEA 2015 B509 Or.4
Library Block B2016-08-30VEM RUA060904 Library Block BVEM HEA 2015 B509 Or.5
Library Block B2016-08-30VEM RUA061171 Library Block BVEM HEA 2015 B509 Or.6
Library Block B2016-08-30VEM RUA061282 Library Block BVEM HEA 2015 B509 Or.7
Library Block B2016-08-30VEM RUA061235 Library Block BVEM HEA 2015 B509 Or.8
Library Block B2021-12-14VEM a066251B676Library Block BVEM HEA 2015 B676 Or.1
Library Block B2021-12-14VEM a066121B676Library Block BVEM HEA 2015 B676 Or.1
Library Block B2021-12-14VEM a068373B676Library Block BVEM HEA 2015 B676 Or.1
មជ្ឈមណ្ឌលឯការនៃសាកលវិទ្យាល័យភូមិន្ទកសិកម្មចំការដូង

Powered by Koha